Historia Dominicana para niños / (Registro nro. 13612)
[ vista simple ]
| 000 -LIDER | |
|---|---|
| fixed length control field | 00435nam a22001697a 4500 |
| 003 - IDENTIFICACDOR DE NÚMERO DE CONTROL | |
| control field | DO-SdBNP |
| 005 - DATE AND TIME OF LATEST TRANSACTION | |
| control field | 20210803123556.0 |
| 008 - ELEMENTOS DE LONGITUD FIJA | |
| fixed length control field | 2021 dr |||| 00| 0 spa d |
| 040 ## - FUENTE DE CATALOGACIÓN | |
| Agencia que crea de manera original el registro | BPMSU |
| Idioma de catalogación | spa |
| Agencia que realiza la transcripción | BPMSU |
| 100 ## - ASIENTO PRINCIPAL -- NOMBRE PERSONAL | |
| Nombre personal | Moya Pons, Frank |
| 245 ## - MENCIÓN DE TITULO | |
| Título | Historia Dominicana para niños / |
| Mención de responsabilidad | Frank Moya Pons. |
| 250 ## - MENCIÓN DE EDICION | |
| Mención de edición | 2a ed. |
| 260 ## - PUBLICACIÓN, DISTRIBUCIÓN, ETC. (PIE DE IMPRENTA) | |
| Lugar de publicación, distribución, etc | Santo Domingo , |
| Nombre del editor, distribuidor, etc. | 1979 |
| 300 ## - DESCRIPCIÓN FÍSICA | |
| Extensión | 84 p. ; |
| Otros detalles físicos | il. |
| Dimensiones | 24 cm. |
| 910 ## - VALIDACIÓN | |
| Validación | Mcabrera |
| 942 ## - ADDED ENTRY ELEMENTS (KOHA) | |
| Source of classification or shelving scheme | Dewey Decimal Classification |
| Koha item type | Libros |
No hay ítems disponibles.